宇多田ヒカル 誰かの願いが叶うころ 歌詞 - Statistics

General Stats
  • This quiz has been taken 10 times
  • The average score is 36 of 106
Answer Stats
Answer % Correct
誰かの
100%
願いが
100%
叶う
100%
ころ
100%
あの子が
86%
泣いてるよ
71%
こと
71%
小さな
57%
ことで
43%
大事な
43%
ものを
43%
失った
43%
あなたを
43%
いつだって
43%
そう
43%
みんなの
43%
願いは
43%
同時には
43%
叶わない
43%
「今さえ
29%
あれば
29%
いい」と
29%
言ったけど
29%
そうじゃ
29%
なかった
29%
あなたへ
29%
続く
29%
音も
29%
無く
29%
消えた
29%
幸せ
29%
それでも
29%
引き止めたい
29%
そのまま
29%
君を
29%
し過ぎたな
29%
自分の
29%
できるだけ
29%
ぎゅっと
29%
このまま
29%
抱き締めたい
29%
そっと
29%
冷たい
14%
指輪が
14%
私に
14%
光って
14%
みせた
14%
ドアが
14%
あなたの
14%
願うほど
14%
わがままが
14%
増えてくよ
14%
扉の
14%
音は
14%
鳴らない
14%
みんなに
14%
必要と
14%
される
14%
癒せる
14%
たった
14%
一人に
14%
なりたくて
14%
少し
14%
我慢
14%
願う
14%
わがままでは
14%
ないでしょ
14%
抱き寄せたい
14%
私の
14%
涙が
14%
乾く
14%
僕らの
14%
地面は
14%
乾かない
14%
ほど
14%
あなたは
14%
私を
14%
引き止めない
14%
地球が
14%
回るほど
14%
優しさ
14%
身に
14%
付くよ
14%
それなら
0%
もう一度
0%
No matching quizzes found
Score Distribution
Percent of People with Each Score
Percentile by Number Answered
Your Score History
You have not taken this quiz